| 000 | 00779nam a2200217Ia 4500 | ||
|---|---|---|---|
| 001 | 10556 | ||
| 003 | GE_BSU | ||
| 008 | 181216s||||||||xx |||||||||||||| ||und|| | ||
| 020 | _a9992876123 | ||
| 040 | _cGE_BSU | ||
| 100 | _aყიფიანი,ვახტანგ | ||
| 245 | _aზოგადი პათოფიზიოლოგია. ნ.1 | ||
| 245 | _bსახ–ლო უმაღლ.სამედიც.სასწ.სტუდენტებისათვის | ||
| 245 | _cსამეცნ.რედ. ი.კვაჭაძე | ||
| 260 | _aთბილისი | ||
| 260 | _c2008 | ||
| 300 | _a310გვ.სურ.ილ.26სმ. | ||
| 541 | _h30ლ. | ||
| 653 | _aზოგადი პათოფიზიოლოგია | ||
| 942 | _cBK | ||
| 999 |
_c43811 _d43811 |
||